Personnages de Futurama en images - Statistiques

Statistiques générales
  • Ce quiz a été pris 169 fois
  • Le résultat moyen est 8 sur 20
Statistiques - réponses
Par images Réponse % Correct
Bender Torseur Rodriguez
99%
Philip J. Fry
93%
Dr. John D. Zoidberg
64%
Leela Turanga
62%
Amy Wong
61%
M'man
54%
Nibbler
49%
Zapp Branningan
47%
Hermes Conrad
45%
Professeur Hubert J. Farnsworth
42%
Calculon
40%
Kif Kroker
35%
Scruffy
27%
Elzar
14%
Cubert Farnsworth
13%
Lrrr
11%
Seymour
10%
Tinny Tim
8%
Robot Hédoniste
3%
URL
2%
Aucun quiz correspondant
Distribution des résultats
% des personnes avec chaque résultat
Percentile par nombre de réponses
Votre historique - résultats
Vous n’avez pas pris ce quiz